000 01495cam a22002655a 4500
001 L159105
008 110516s2016 xxko f 000 0 eng d
020 _a9781848064393
035 _a(Sirsi) u159105
041 0 _aeng
050 0 4 _a693.5 $2 18
100 1 _aDunster, Andrew
245 0 0 _aAlkali-activated binders for precast and ready-mixed concrete products
_bnew supply chains, business models and environmental benefits
260 _aWatford
_bBRE
_c2016
300 _a6p.
_bill.
_c30cm.
490 0 _aBRE Information Paper
_v(1/16)
520 _aThe production of alkali-activated (AA) binders uses less energy and produces less carbon dioxide than conventional Portland cement (PC). These binders can also offer the concrete producer flexibility in raw materials sourcing and the opportunity to produce concrete products without using conventional cements. Although low-carbon concretes made from AA binders share some materials in common with conventional PC-based concretes, there are some significant differences in the supply chains and business models that apply to their manufacture and sale. This paper summarises the current position in this emerging area of construction technology.
521 _aAdvanced
590 _aKA
650 2 4 _aBUILT ENVIRONMENT-BUILDING MATERIALS-CEMENTITIOUS, CONCRETE AND MINERAL BOUND MATERIALS-CONCRETE
650 2 4 _aALKALI-ACTIVATED BINDERS
651 4 _aUnited Kingdom
_y
690 _aBuilding materials and defects
942 _n0
999 _c115678
_d115678